[Event "52nd Biel Festival 2019"]
[Site "Biel"]
[Date "2019.07.22"]
[Round "1.1"]
[White "Leko, Peter"]
[Black "Bogner, Sebastian"]
[Result "1-0"]
[WhiteElo "2674"]
[BlackElo "2584"]
[Annotator "TA"]
[PlyCount "81"]
[EventDate "2019.07.22"]
[EventType "tourn"]
[EventCountry "SUI"]
[SourceTitle "playchess.com"]
[Source "ChessBase"]
[SourceQuality "1"]

{[%evp 15,81,29,35,39,43,39,35,48,50,32,48,54,47,52,56,52,106,88,95,85,100,103,95,112,95,96,103,105,92,80,78,80,82,82,103,88,103,84,127,127,127,127,127,87,196,131,135,104,119,35,35,35,35,29,35,35,35,28,150,78,131,68,45,46,43,41,373,309]} 1. d4 d5 2. c4 c6 3. Nc3 Nf6 4. e3 a6 5. Qc2 g6 6. Bd3 Bg7 7. Nf3 O-O 8. O-O Bg4 9. Ne5 {D10: Slav Defence: 3 cxd5 (without early Nf3) and 3 Nc3} Be6 10. c5 Nbd7 11. Nxd7 {White is slightly better.} Bxd7 12. h3 Ne8 13. f4 f6 {[#]} 14. Na4 $146 ({Predecessor:} 14. Qb3 Nc7 15. e4 Kh8 16. exd5 cxd5 {½-½ (108) Anand,V (2775)-McShane,L (2713) London 2012}) 14... e5 15. e4 {[%mdl 64] Overworked Piece} dxe4 (15... Nc7 $14) 16. Bc4+ $16 Kh8 17. Nb6 exd4 {Strongly threatening ...d3.} 18. Nxa8 Qxa8 19. Qxe4 f5 20. Qd3 Nc7 21. b4 Be6 22. Bxe6 Nxe6 23. Qc4 Qc8 24. Re1 $36 {[%mdl 2048] Keeping Black busy.} Re8 25. a3 Bf6 26. Ra2 {And now Rae2 would win.} Kg7 27. Rae2 {[%cal Re2e6]} Kf7 28. g4 Qd7 29. Kh2 Re7 (29... d3 $16 30. Rd1 Qd5 31. Qxd5 (31. Qxd3 Qxd3 32. Rxd3 Nxc5 $16) 31... dxe2) 30. Bd2 (30. g5 $18 Bg7 31. Kg3) 30... Re8 31. gxf5 gxf5 32. Qd3 ({White should try} 32. a4 $16) 32... Qd5 $14 33. Re5 Bxe5 34. Rxe5 {[%mdl 64] Double Attack} Qa2 35. Qxf5+ Kg8 36. Qd3 Rf8 {[#]} (36... Re7 $11 {remains equal.}) 37. f5 $1 $16 {[%cal Rf5e6]} Ng7 {[#]} 38. Qxd4 (38. Re2 $1 $16 {[%cal Re2g2]} Rxf5 39. Qg3 (39. Qxd4 Qd5 $11)) 38... Nxf5 $14 39. Qg4+ Ng7 $1 ({Don't go for} 39... Kh8 $2 40. Re2 $18) 40. Re2 {Black must now prevent Qxg7+!} h5 $2 {[%mdl 8192] [#]} (40... Qf7 $1 $14) 41. Qxg7+ $1 {[%mdl 512] Accuracy: White = 72%, Black = 46%.} 1-0

[Event "52nd Biel Festival 2019"]
[Site "Biel"]
[Date "2019.07.22"]
[Round "1.2"]
[White "Georgiadis, Nico"]
[Black "Shankland, Sam"]
[Result "0-1"]
[WhiteElo "2514"]
[BlackElo "2713"]
[Annotator "TA"]
[PlyCount "76"]
[EventDate "2019.07.22"]
[EventType "tourn"]
[EventCountry "SUI"]
[SourceTitle "playchess.com"]
[Source "ChessBase"]
[SourceQuality "1"]

{[%evp 19,76,8,25,0,0,0,0,-1,-8,-10,0,0,0,0,0,0,0,0,0,0,0,0,0,0,0,0,0,-14,0,0,0,0,0,0,0,0,0,0,0,0,16,0,0,0,7,-8,-11,-20,0,0,0,0,33,0,0,-692,-678,-675,-658]} 1. e4 c5 2. Nf3 d6 3. d4 cxd4 4. Nxd4 Nf6 5. Nc3 a6 6. Be3 e5 7. Nf3 Be7 8. Bc4 Qc7 ({Predecessor:} 8... O-O 9. O-O Qc7 10. Qe2 Be6 {½-½ (62) Van Kerkhof,D (2371)-Van Baar,E (2223) Haarlem 2018}) 9. Bb3 O-O 10. O-O Be6 11. Qe2 $146 {B90: Sicilian Najdorf: Unusual White 6th moves, 6 Be3 Ng4 and 6 Be3 e5} (11. Nh4 g6 12. Nf3 Re8 13. Ng5 Bc4 14. Re1 Nbd7 15. a4 Qc6 16. Bxc4 Qxc4 17. a5 Qc6 18. Qd3 Rac8 {½-½ (48) Sjugirov,S (2652)-Wojtaszek,R (2738) Batumi 2018}) 11... Rc8 12. Rfd1 b5 13. Rac1 {The position is equal.} Nbd7 14. Bg5 h6 {And now ...Bxb3 would win.} 15. Bxf6 Nxf6 16. Nd5 Nxd5 17. Bxd5 Bxd5 18. Rxd5 Qc4 19. Qxc4 Rxc4 20. Nd2 Ra4 21. a3 Rc8 22. Kf1 Bg5 23. g3 Rc6 24. c3 {[#]} Rxe4 $1 {[%mdl 512]} 25. f4 (25. Nxe4 Bxc1) 25... Bxf4 $1 26. gxf4 Rxf4+ 27. Kg2 f5 28. Nb3 Rg4+ 29. Kh1 f4 30. Na5 Rb6 31. c4 f3 32. c5 dxc5 {Hoping for ...Rbg6.} 33. Rxe5 Rg2 34. Rexc5 Re6 35. b4 Re4 (35... Ree2 $5 36. Rh5 $8 Ra2 $11) 36. Rg1 Ra2 {( -> ...Rh4!)} 37. Rh5 $2 {[%mdl 8192]} (37. Rc8+ $11 Kf7 38. Rc3) 37... f2 $19 38. Rf1 {[#]} Ra1 $1 {[%mdl 576] Promotion. Accuracy: White = 58%, Black = 75%.} 0-1

[Event "52nd Biel Festival 2019"]
[Site "Biel"]
[Date "2019.07.22"]
[Round "1.3"]
[White "Vidit, Santosh Gujrathi"]
[Black "Cori, Jorge"]
[Result "1-0"]
[WhiteElo "2703"]
[BlackElo "2686"]
[Annotator "TA"]
[PlyCount "79"]
[EventDate "2019.07.22"]
[EventType "tourn"]
[EventCountry "SUI"]
[SourceTitle "playchess.com"]
[Source "ChessBase"]
[SourceQuality "1"]

{[%evp 18,79,50,50,56,50,53,52,56,61,64,54,92,65,81,49,48,45,64,62,73,50,62,57,65,58,62,60,65,58,61,45,64,51,58,32,64,60,67,22,70,48,59,62,97,94,97,101,281,224,597,591,662,663,29982,29983,29983,29984,29984,29985,4529,913,3012,2468]} 1. d4 Nf6 2. c4 e6 3. Nf3 Bb4+ 4. Bd2 Qe7 5. g3 O-O 6. Bg2 Bxd2+ 7. Qxd2 d6 8. O-O e5 9. Nc3 Nc6 10. Nd5 Qd8 {E11: Bogo-Indian} 11. Rfd1 Re8 12. dxe5 Nxe5 {White is slightly better.} 13. Nxe5 Rxe5 14. Rac1 Bg4 15. Re1 Re8 $146 ({Predecessor:} 15... Nxd5 16. cxd5 a5 17. Rc4 Qd7 18. Qc3 Rc8 19. e3 Bh3 20. Qxa5 {1-0 (47) Grabarczyk,M (2445)-Kislov,M (2395) Polanica Zdroj 1995}) 16. Rc3 Rb8 17. e4 Nd7 18. f4 Be6 19. b3 a5 20. Rce3 Ra8 21. Qd4 Rb8 22. Nc3 f6 23. Nb5 Ra8 24. Qd2 Qc8 25. Nd4 {And now e5! would win.} Bf7 26. Qc3 Qb8 27. h4 Qa7 28. Bh3 Rad8 29. Kh2 Qc5 30. g4 $36 {[%mdl 2048] Black is under pressure.} Nf8 31. g5 {Black must now prevent gxf6.} Ng6 32. Rf1 {Threatens to win with gxf6.} Nxh4 $2 (32... Qb4 $16) 33. gxf6 $18 gxf6 $2 (33... g6 34. Kh1 Qh5) 34. Rg3+ Kf8 {[#]} 35. Ne6+ $1 {[%mdl 576] Discovered Attack, Decoy} Bxe6 (35... Rxe6 36. Bxe6) 36. Qxf6+ {[%mdl 64] Double Attack} Bf7 37. Qh6+ {[%mdl 64] Double Attack} Ke7 38. Qxh4+ Kf8 39. Qh6+ Ke7 {[#]} 40. Rg7 $1 {[%mdl 512] Accuracy: White = 76%, Black = 45%.} 1-0

[Event "52nd Biel Festival 2019"]
[Site "Biel"]
[Date "2019.07.22"]
[Round "1.4"]
[White "Abdusattorov, Nodirbek"]
[Black "Maghsoodloo, Parham"]
[Result "0-1"]
[WhiteElo "2598"]
[BlackElo "2656"]
[Annotator "TA"]
[PlyCount "82"]
[EventDate "2019.07.22"]
[EventType "tourn"]
[EventCountry "SUI"]
[SourceTitle "playchess.com"]
[Source "ChessBase"]
[SourceQuality "1"]

{[%evp 18,88,18,20,33,26,47,23,56,36,46,48,70,50,41,8,7,20,6,0,4,-12,-31,-18,-35,-206,-60,-111,-34,-30,-50,-126,-95,-158,-156,-254,-269,-466,-261,-243,-175,-574,-483,-489,-477,-480,-465,-483,-491,-456,-493,-490,-481,-485,-438,-446,-422,-414,-387,-427,-396,-516,-512,-482,-487,-495,-466,-490,-487,-484,-470,-591,-640]} 1. e4 c5 2. Nf3 Nc6 3. d4 cxd4 4. Nxd4 Nf6 5. Nc3 d6 6. Bg5 e6 7. Qd2 a6 8. O-O-O Bd7 9. f3 Nxd4 10. Qxd4 Be7 {B67: Sicilian: Richter-Rauzer: 7...a6 8 0-0-0 Bd7, lines without 9 f4 Be7} (10... h6 11. Bh4 Rc8 12. Kb1 Be7 13. g4 b5 14. Bg3 e5 15. Qe3 Qc7 16. Bd3 Be6 17. h4 Qa5 18. g5 {1-0 (60) Robson,R (2667)-Caruana,F (2828) chess.com INT 2019}) 11. g4 Bc6 12. Be3 O-O {White has an edge.} 13. g5 Nd7 14. h4 b5 {[%cal Bb7b5,Bb5b4][%mdl 32]} 15. h5 Bxg5 16. Rg1 {[#]} (16. h6 $5 {[%cal Rd4g7]} Bxe3+ 17. Qxe3 $11) 16... Bf6 $146 ({Predecessor:} 16... Bxe3+ 17. Qxe3 Qe7 18. Rd2 f6 19. Ne2 {0-1 (27) Luther,T (2581)-Kozul,Z (2632) Austria 2014}) 17. Qxd6 Rc8 $1 18. Qg3 b4 $132 {[%mdl 2048] Black is not keeping still} 19. Bh6 {[%cal Rh6g7]} g6 $1 (19... bxc3 $2 20. Bxg7 cxb2+ 21. Kb1 $1 $18 {[%mdl 512]}) 20. hxg6 hxg6 21. e5 $2 {[#]} ({White should play} 21. Bc4 $15 Re8 22. Nb1) 21... Bxe5 ({Less strong is} 21... bxc3 22. exf6 cxb2+ 23. Kb1 $15) (21... Bh4 $1 $19 {[%cal Rh4g3]} 22. Qg4 bxc3 23. Bxf8 Kxf8 24. Qb4+ Kg8 25. Qxc3 Bd5) 22. f4 $15 {Strongly threatening Bd3.} Bg7 ({Better is} 22... Bh8 $17 23. Nb1 Re8 24. Bxa6 Rc7) 23. Bxg7 Kxg7 24. Ne2 (24. Bxa6 $15 bxc3 25. Qxc3+ Qf6 26. Qxf6+ Kxf6 27. Bxc8 Rxc8 28. Rd4) 24... Qf6 25. Nd4 ({White should try} 25. Qe3) 25... Nc5 $17 26. Bh3 (26. Nxc6 $17 {was worth a try.} Rxc6 27. Rh1) 26... Be4 $19 27. Kb1 $2 (27. Qe3) 27... Rfd8 (27... Na4 $142 28. Qb3 Rfd8 29. Bxe6 Nc5 {[%mdl 64] Double Attack} 30. Qxb4 Nxe6 31. Nxe6+ Qxe6 32. Rxd8 Rxd8) 28. Qe3 Rd5 {Hoping for ...Rcd8.} 29. f5 $2 (29. Rg5 {is more resistant.}) 29... exf5 30. Nxf5+ Rxf5 (30... Bxf5 $2 31. Rxd5 Na4 32. Qd4 $19) 31. Bxf5 Qxf5 ({Not} 31... Bxf5 32. Rh1 $19) 32. Rd2 Qe5 {( -> ...Bxc2+!)} 33. Ka1 Re8 34. Re1 a5 35. Qh3 Qf5 ({Don't take} 35... Rh8 36. Qe3 $19) 36. Qg3 Re6 37. Rh2 {intending Qb8.} Bd5 {...Qf4! is the strong threat.} 38. Rg1 {With the idea Qb8.} Qe4 {White must now prevent ...Qc4.} 39. Rd1 {[#] If only White now had time for Qh3....} Qf3 $1 {[%cal Rf3d1] Black is clearly winning.} 40. Qg1 Qe3 41. Qg4 Re5 {Played: Bd5-f3} 0-1

[Event "52nd Biel Festival 2019"]
[Site "Biel"]
[Date "2019.07.23"]
[Round "2.1"]
[White "Bogner, Sebastian"]
[Black "Maghsoodloo, Parham"]
[Result "1-0"]
[WhiteElo "2584"]
[BlackElo "2656"]
[Annotator "TA"]
[PlyCount "81"]
[EventDate "2019.07.22"]
[EventType "tourn"]
[EventCountry "SUI"]
[SourceTitle "playchess.com"]
[Source "ChessBase"]
[SourceQuality "1"]

{[%evp 9,81,24,28,24,34,25,33,25,35,21,28,6,10,22,33,18,45,54,56,50,49,39,48,46,60,50,62,56,57,69,54,63,133,128,134,137,139,127,132,132,171,170,183,168,166,138,131,129,210,205,243,212,204,216,223,218,220,222,221,213,209,195,212,211,297,255,259,236,302,298,288,294,29997,29998]} 1. d4 d5 2. c4 e6 3. Nf3 a6 4. cxd5 exd5 5. Nc3 Nf6 6. Bg5 {D37: Queen's Gambit Declined: 5 Bf4} Be6 7. e3 Nbd7 8. Bd3 {White is slightly better.} Bd6 $146 (8... h6 9. Bf4 g5 10. Bg3 Nh5 11. Be5 Nhf6 12. Bg3 Nh5 13. Ne2 Nxg3 14. Nxg3 {1-0 (61) Leko,P (2679)-Caruana,F (2832) Germany 2019}) 9. Qc2 c6 10. Bh4 Bg4 11. O-O-O Qc7 12. Kb1 h6 13. Rc1 g5 {And now ...Bxf3 would win.} 14. Bg3 O-O-O 15. Bxd6 Qxd6 16. Nd2 Kb8 17. Nb3 Nb6 18. Nc5 Nfd7 19. Qb3 Ka7 ({Wrong is} 19... Nxc5 $2 20. dxc5 Qxc5 21. Na4 $18) 20. Qb4 Bh5 {[#]} (20... Qb8 $1 $14) 21. Nxa6 $1 $16 Qxb4 22. Nxb4 Nc8 23. b3 Nd6 24. a4 {[%cal Ba2a4,Ba4a5][%mdl 32]} f5 {[#]} 25. a5 $1 Nb8 26. Na4 Be8 27. Nc5 Ne4 28. f3 Nd6 (28... Nxc5 $16 29. Rxc5 g4) 29. h4 $18 Bf7 30. Kc2 Rdg8 31. hxg5 hxg5 32. Kd2 Be8 33. Ne6 g4 34. Nf4 Nd7 35. Be2 Nf6 36. Nbd3 b6 (36... Nh5 {was called for.} 37. Nxh5 Bxh5) 37. axb6+ Kxb6 38. Nc5 Nc8 39. Bd3 Ne7 40. Ra1 {White wants to mate with Nfe6.} g3 $2 (40... Rxh1 $18 41. Rxh1 gxf3 42. gxf3 Ng6) 41. Nfe6 {Accuracy: White = 86%, Black = 59%.} 1-0

[Event "52nd Biel Festival 2019"]
[Site "Biel"]
[Date "2019.07.23"]
[Round "2.2"]
[White "Cori, Jorge"]
[Black "Abdusattorov, Nodirbek"]
[Result "1/2-1/2"]
[WhiteElo "2686"]
[BlackElo "2598"]
[Annotator "TA"]
[PlyCount "80"]
[EventDate "2019.07.22"]
[EventType "tourn"]
[EventCountry "SUI"]
[SourceTitle "playchess.com"]
[Source "ChessBase"]
[SourceQuality "1"]

{[%evp 15,80,0,10,0,0,0,0,0,0,0,0,0,0,6,16,-10,-10,-12,-17,-13,0,0,0,0,0,0,0,0,0,0,0,0,0,-7,0,0,15,8,16,15,15,24,19,20,17,0,0,0,0,0,0,0,0,0,0,0,0,0,0,0,0,0,0,0,0,0,0]} 1. d4 Nf6 2. c4 ({Predecessor:} 2. Nf3 e6 3. g3 b6 4. Bg2 Bb7 {½-½ (14) Schlosser,P (2550)-Hracek,Z (2510) Brno 1993}) 2... e6 3. Nf3 b6 4. g3 Bb7 5. Bg2 Be7 6. O-O O-O 7. Bf4 d6 8. Nc3 Ne4 9. Rc1 {E17: Queen's Indian: 4 g3 Bb7 5 Bg2 Be7} Nd7 $146 (9... Bf6 10. Nxe4 Bxe4 11. Qb3 Qe7 12. Rfd1 e5 13. dxe5 dxe5 14. Be3 Nc6 15. c5 Rad8 16. cxb6 cxb6 {1-0 (53) Laznicka,V (2676)-Lysyj,I (2671) Poikovsky 2015}) 10. d5 Nxc3 11. Rxc3 e5 12. Bc1 a5 13. e4 Nc5 14. Ne1 c6 15. Nd3 cxd5 16. Nxc5 bxc5 17. cxd5 Bg5 18. Bxg5 Qxg5 19. f4 Qe7 20. f5 f6 21. h4 Ba6 22. Rf2 Rfb8 23. g4 Rb4 24. Rg3 Rab8 25. Qc1 Qb7 {[%cal Rb4b2]} (25... a4 {seems wilder.} 26. g5 Rc4 27. Qe3 Rcb4 28. Qc1) 26. g5 {[#] Strongly threatening gxf6.} Rxb2 27. Rxb2 Qxb2 28. Qxb2 Rxb2 29. gxf6 $11 {[%mdl 4096] Endgame KRB-KRB. The position is equal.} Rb7 30. Kf2 Bc4 31. fxg7 Rxg7 32. Rxg7+ Kxg7 {KB-KB} 33. a3 $1 Bd3 34. Ke3 c4 35. Bf3 Bb1 36. Kd2 Kf6 37. Kc3 Bd3 38. Kd2 Bb1 39. Kc3 Bd3 40. Kd2 Bb1 {Accuracy: White = 79%, Black = 76%.} 1/2-1/2

[Event "52nd Biel Festival 2019"]
[Site "Biel"]
[Date "2019.07.23"]
[Round "2.3"]
[White "Shankland, Sam"]
[Black "Vidit, Santosh Gujrathi"]
[Result "1/2-1/2"]
[WhiteElo "2713"]
[BlackElo "2703"]
[Annotator "TA"]
[PlyCount "85"]
[EventDate "2019.07.22"]
[EventType "tourn"]
[EventCountry "SUI"]
[SourceTitle "playchess.com"]
[Source "ChessBase"]
[SourceQuality "1"]

{[%evp 19,85,8,18,0,0,0,0,0,0,0,0,0,0,0,0,-4,109,93,115,58,58,55,54,56,56,60,59,60,56,53,55,57,60,54,49,55,70,68,68,44,61,66,64,64,64,64,97,97,112,112,112,112,112,112,112,112,118,52,77,44,44,44,44,8,8,8,52,51]} 1. c4 Nf6 2. Nf3 e6 3. b3 d5 4. Bb2 Be7 5. e3 O-O 6. Nc3 b6 7. cxd5 exd5 8. d4 Bb7 9. Bd3 Nbd7 10. O-O a6 11. Ne2 {E14: Queen's Indian: Classical Variation (4 e3)} (11. Ne5 Bd6 12. Ne2 Re8 13. f4 Ne4 14. Ng3 Nf8 15. Nxe4 dxe4 16. Bc4 Re7 17. Qh5 g6 18. Qh6 Bxe5 19. dxe5 b5 20. Rad1 Qe8 {1-0 (43) Nakamura,H (2780)-Topalov,V (2749) Saint Louis 2017}) 11... Bd6 12. Ng3 g6 13. Ne5 {The position is equal.} Qe7 {[%cal Rd7e5]} 14. f4 Ne4 15. Bxe4 dxe4 16. Nxd7 Qxd7 17. d5 $36 {[%mdl 2048] White fights for an advantage.} Be7 (17... f5 $11) 18. f5 $146 {[%cal Rf5g6] Strongly threatening fxg6.} ({Don't play} 18. Qd4 $6 f6 $11) ({Predecessor:} 18. Qd4 f6 19. Rad1 Bc5 {½-½ (19) Danner,G (2426)-Spassov,L (2383) Gmunden 2007}) 18... f6 ({Reject} 18... Qxd5 $6 19. Qg4 $14) 19. fxg6 (19. Qg4 $1 $16) 19... hxg6 $14 20. Nxe4 Qxd5 21. Qxd5+ Bxd5 22. Nxf6+ Bxf6 23. Bxf6 Rae8 24. Rad1 c6 25. Rd4 {Rh4 is the strong threat.} Re4 26. Rxe4 Bxe4 {[%mdl 4096] Endgame KRB-KRB} 27. Rf4 Bf5 28. Bc3 Bd3 29. h3 (29. b4 {keeps more tension.} Rf7 30. Bd4 a5 31. a3 axb4 32. axb4 b5 33. g4) 29... Rxf4 30. exf4 {KB-KB} a5 31. Be5 b5 32. Bc7 b4 33. Bxa5 Bb1 34. Bxb4 {Threatens to win with a4.} Bxa2 35. Kf2 Bxb3 {[#]} 36. g4 $1 Bc4 {[#]} 37. Kg3 $1 Bf1 38. h4 ({White should play} 38. f5 $16) 38... Bd3 39. Kf3 Kf7 40. Bc3 Bc2 41. Ke2 c5 42. Bb2 Ke8 43. Ke1 {Accuracy: White = 61%, Black = 67%.} 1/2-1/2

[Event "52nd Biel Festival 2019"]
[Site "Biel"]
[Date "2019.07.23"]
[Round "2.4"]
[White "Leko, Peter"]
[Black "Georgiadis, Nico"]
[Result "1/2-1/2"]
[WhiteElo "2674"]
[BlackElo "2514"]
[Annotator "TA"]
[PlyCount "201"]
[EventDate "2019.07.22"]
[EventType "tourn"]
[EventCountry "SUI"]
[SourceTitle "playchess.com"]
[Source "ChessBase"]
[SourceQuality "1"]

{[%evp 9,201,22,22,22,19,19,16,22,23,23,22,15,18,15,17,18,19,14,27,26,28,30,27,30,26,24,41,37,50,36,50,47,41,40,93,86,90,78,117,0,0,0,0,0,0,0,0,0,0,0,0,0,0,0,0,0,0,0,2,2,3,7,10,17,31,37,34,8,12,18,27,0,0,0,0,0,6,6,6,6,10,6,6,6,6,6,6,6,8,8,10,0,0,0,0,0,10,0,6,6,6,0,0,0,0,0,13,0,0,0,0,0,0,0,0,0,0,0,0,0,0,0,0,0,0,0,10,0,38,38,38,38,38,38,38,38,58,41,41,0,0,13,0,0,0,0,0,0,0,0,0,0,0,0,0,0,0,0,0,0,0,0,0,0,0,0,0,0,0,0,0,0,0,0,0,0,0,0,0,0,0,0,0,0,0,0,0,0,0,0,0,0,0,4]} 1. d4 d5 2. c4 e6 3. Nc3 Bb4 4. cxd5 exd5 5. Bf4 Ne7 (5... c6 6. e3 Bf5 7. Bd3 Bxd3 8. Qxd3 Ne7 9. Nge2 Nd7 10. O-O O-O 11. a3 Ba5 12. Rfc1 a6 13. Bg5 {½-½ (74) Andreikin,D (2708)-Fedoseev,V (2731) Sochi 2017}) 6. e3 {D31: Queen's Gambit Declined: Semi-Slav without ...Nf6 (+ Marshall Gambit and Noteboom) and Exchange Variation lines without ...Nf6} O-O 7. Nf3 c6 8. Qb3 Bd6 9. Bxd6 Qxd6 10. Bd3 b6 $146 ({Predecessor:} 10... Nd7 11. Qc2 Nf6 12. O-O g6 13. Rab1 {0-1 (39) Esplugas Esteve,V (2285)-Peralta,F (2588) Santa Coloma 2016}) 11. Qc2 h6 12. O-O Ba6 13. Ne5 Bxd3 14. Nxd3 Nd7 15. Rfd1 Rfd8 16. Rac1 Rac8 17. b4 Nf8 18. a4 Ne6 19. h3 Ng6 20. a5 bxa5 21. bxa5 c5 (21... Ne7 $14) 22. dxc5 $16 Qa6 23. Ne2 d4 {[#]} 24. e4 (24. f4 $1 $16) 24... Qxa5 $11 25. f4 {f5 is the strong threat.} Nxc5 26. Nxc5 d3 $1 {[%cal Rd3c2]} 27. Rxd3 Rxd3 28. Qxd3 {[#] Black must now prevent Qd4.} Rxc5 29. Rd1 Qa4 30. Rb1 Rc8 31. Rb7 Qc4 32. Qd5 (32. Qxc4 {with more complications.} Rxc4 33. Rb8+ Kh7 34. Re8 f5 35. Kf2) 32... Qxd5 33. exd5 {[%mdl 4096] Endgame KRN-KRN} Rd8 34. Rb5 Kf8 35. Kf2 a6 36. Ra5 Rd6 37. Ke3 Ne7 38. Nc3 Ke8 39. g4 Kd7 40. Ne4 Rxd5 41. Rxa6 f5 42. Ng3 fxg4 43. hxg4 Ke8 44. Ne4 Kf7 45. f5 h5 46. Ng5+ Ke8 47. Ne6 {Hoping for Ke4.} Kf7 48. Ra8 {[%csl Ge6][%cal Ra8f8]} Nxf5+ 49. gxf5 Rxf5 {KRN-KR} 50. Nf4 (50. Ke4 {looks sharper.} Rb5 51. Nd4 Rb4 52. Ke5 Kg6 53. Nf3) 50... Rb5 51. Ra7+ Kf6 52. Ra6+ Kf7 53. Nd3 h4 54. Ke4 h3 55. Nf2 h2 56. Ra1 Rh5 57. Rh1 Ke6 58. Kf4 g5+ 59. Kg3 g4 60. Nxg4 Rh8 61. Nxh2 Kd5 62. Rd1+ Ke4 63. Ng4 Rf8 64. Re1+ Kd4 65. Ne3 Rg8+ 66. Kf4 Rf8+ 67. Nf5+ Kd3 68. Rd1+ Kc2 69. Rd7 Kc3 70. Ke4 Re8+ 71. Ne7 Rh8 72. Rc7+ Kb3 73. Nf5 Kb4 74. Nd6 Rh4+ {The position is equal.} 75. Kd5 Rh5+ 76. Kd4 Rh4+ 77. Ne4 Kb5 $1 78. Rc5+ Kb6 79. Re5 Rh1 80. Re6+ Kc7 81. Nc3 Kd7 82. Ra6 Rc1 83. Rh6 Ra1 84. Ke5 Rg1 85. Rd6+ Ke8 86. Nd5 Re1+ 87. Kf5 (87. Kd4 {keeps more tension.} Kf7 88. Kc3 Rc1+ 89. Kb2 Rh1 90. Rf6+) 87... Rf1+ 88. Nf4 Ke7 89. Rd4 Rf2 90. Rd1 Rf3 91. Rd2 Rf1 92. Rd3 Rf2 93. Ke5 Rf1 94. Nd5+ Kf7 95. Ra3 Re1+ 96. Ne3 Kg6 97. Kf4 Kf7 98. Kf5 Ke7 99. Rd3 Ra1 100. Ke5 Re1 101. Ke4 {Accuracy: White = 60%, Black = 78%.} 1/2-1/2

[Event "52nd Biel Festival 2019"]
[Site "Biel"]
[Date "2019.07.24"]
[Round "3.1"]
[White "Georgiadis, Nico"]
[Black "Bogner, Sebastian"]
[Result "1/2-1/2"]
[WhiteElo "2514"]
[BlackElo "2584"]
[Annotator "TA"]
[PlyCount "74"]
[EventDate "2019.07.22"]
[EventType "tourn"]
[EventCountry "SUI"]
[SourceTitle "playchess.com"]
[Source "ChessBase"]
[SourceQuality "1"]
[TimeControl "40/6000+30:20/3000+30:900+30"]

1. d4 {[%emt 0:00:00]} Nf6 {[%emt 0:00:00]} 2. c4 {[%emt 0:00:00]} e6 {[%emt 0:00:00]} 3. g3 {[%emt 0:00:00]} d5 {[%emt 0:00:31]} 4. Bg2 {[%emt 0:00:00]} Be7 {[%emt 0:00:05]} 5. Nf3 {[%emt 0:00:30]} O-O {[%emt 0:00:05]} 6. Qc2 {[%emt 0:00:28]} c5 {[%emt 0:01:05]} 7. dxc5 {[%emt 0:00:15]} Qa5+ {[%emt 0:01:22]} 8. Nc3 {[%emt 0:00:43]} dxc4 {[%emt 0:00:42]} 9. O-O {[%emt 0:00:14]} Nc6 {[%emt 0:03:26]} 10. Bg5 {[%emt 0:00:49]} Qxc5 {[%emt 0:00:34]} 11. Bxf6 {[%emt 0:00:09]} Bxf6 {[%emt 0:01:15]} 12. Ne4 {[%emt 0:00:07]} Qe7 {[%emt 0:00:13]} 13. Nfd2 {[%emt 0:00:36]} Bd7 {[%emt 0:02:58]} 14. Nxf6+ {[%emt 0:01:39]} Qxf6 {[%emt 0:01:20]} 15. Ne4 {[%emt 0:00:04]} Qe7 {[%emt 0:00:40]} 16. Qxc4 {[%emt 0:00:43]} Rfd8 {[%emt 0:00:33]} 17. Rfd1 {[%emt 0:23:57]} Be8 {[%emt 0:00:11]} 18. Qc5 {[%emt 0:02:33]} Qxc5 {[%emt 0:02:34]} 19. Nxc5 {[%emt 0:00:06]} b6 {[%emt 0:00:10]} 20. Ne4 {[%emt 0:02:52]} Rxd1+ {[%emt 0:04:23]} 21. Rxd1 {[%emt 0:00:41]} Rd8 {[%emt 0:02:24]} 22. Rxd8 {[%emt 0:05:06]} Nxd8 {[%emt 0:00:59]} 23. e3 {[%emt 0:10:21]} Kf8 {[%emt 0:00:32]} 24. Nc3 {[%emt 0:00:26]} Ke7 {[%emt 0:00:15]} 25. Kf1 {[%emt 0:00:05]} f6 {[%emt 0:05:40]} 26. Ke2 {[%emt 0:00:35]} Nf7 {[%emt 0:05:54]} 27. f4 {[%emt 0:00:55]} Nd6 {[%emt 0:00:25]} 28. b3 {[%emt 0:12:10]} Nb5 {[%emt 0:01:08]} 29. Nxb5 {[%emt 0:00:18]} Bxb5+ {[%emt 0:00:05]} 30. Kd2 {[%emt 0:00:09]} Kd6 {[%emt 0:00:06]} 31. Kc3 {[%emt 0:00:31]} e5 {[%emt 0:00:34]} 32. a3 {[%emt 0:01:09]} h6 {[%emt 0:00:39]} 33. h4 {[%emt 0:00:48]} Kc5 {[%emt 0:01:06]} 34. Be4 {[%emt 0:00:43]} Kd6 {[%emt 0:00:32]} 35. Bg2 {[%emt 0:00:11]} Kc5 {[%emt 0:00:04]} 36. Be4 {[%emt 0:00:05]} Kd6 {[%emt 0:00:04]} 37. Bg2 {[%emt 0:00:05]} Kc5 {[%emt 0:00:11]} 1/2-1/2